000 01067cam a2200289 a 4500
001 000014728
005 20260520104306.0
008 771216s1979 mx b 001 0 spa
020 _a9682304350
040 _aDO-SdBNP
_bspa
_cDLC
_dBNPHU
082 _a327.112
_bS586p, 1979
100 1 _aSilva Michelena, José Agustín,
_d1934-1986
_933398
245 1 0 _aPolítica y bloques de poder :
_bcrisis en el sistema mundial /
_cJosé Agustín Silva Michelena ; edición Alejandra Gómez Lara.
250 _a2a ed.
260 _aMéxico :
_bSiglo Veintiuno Editores,
_c1979.
300 _a291 p. ;
_c21 cm.
490 1 _aSociología y política
504 _aIncluye referencias bibliográficas.
650 4 _aEquilibrio de poder
_933399
650 0 _aRelaciones internacionales
_9399
650 0 _a Relaciones económicas internacionales
_91067
651 4 _aPaises En Desarrollo
_xRelaciones Exteriores
_933400
700 1 _aGómez Lara, Alejandra
_eed.
_933401
830 0 _aSociología y política ;
_917789
910 _aCatalogación derivada
049 _aBNGR
999 _c14311
_d14311